00447nam a2200145 450000500170000000800410001702000150005810000530007324500690012625000160019526000340021130000280024594200150027399900130028820260226112202.0260226b |||||||| |||| 00| 0 eng d a0072437936 aWidmaier P. Eric, Raff Hershel, Strang T. Kevin. aVander, Sherman & Luciano's Human Physiology:c/Eric P. Widmaier a9th edition aNew York;bMcGraw Hill;c2004 axxv; 825p. ill;c27.5cm 2lccn0cBK c175d175